| 000 | 00443nam a2200181Ia 4500 | ||
|---|---|---|---|
| 005 | 20230113104432.0 | ||
| 008 | 131103s9999 xx 000 0 und d | ||
| 040 | _aLoreto College | ||
| 041 | _aEnglish | ||
| 082 |
_a814.54 _bBAL |
||
| 100 | _aBaldwin, James | ||
| 245 | 4 |
_aThe fire next time _cJames Baldwin |
|
| 260 |
_aLondon _bMichael Joseph _c1963 |
||
| 300 | _a112 p. | ||
| 650 | _aAmerican Essays | ||
| 850 | _aLCLIB | ||
| 942 | _cBK | ||
| 999 |
_c12105 _d62584 |
||